LEADER 00559nas a2200157 i 4500 001 000000026596 003 CaOOAMICUS 005 20180830125447.0 008 180830s2010 it u0 ita u 040 $aSeMil$bita 245 13$aIl cortile dei gentili /$ccollana diretta da Ugo Sartorio. 260 $aPadova :$bMessaggero,$c2010. 300 $av. ;$c18 cm. 700 1 $aSartorio, Ugo,$d<1958- >.$0(OLS)http://semarc/name/11953 996 $6245$aIl cortile dei gentili$9(OLS)http://semarc/title/35908 996 $6260$aPadova :$bMessaggero$9(OLS)http://semarc/publisher/29786 LEADER 00831nam a2200181 i 4500 001 000000178929 003 CaOOAMICUS 005 20230601100954.0 008 090420s1910 it u000 u ita u 040 $aSeMil$bita 245 10$a1.2: Provincia Salisburgensis 2. et Episcopatus Tridentinus. 300 $aXXXIV, P. 268-412. 500 $aRilegato con 3A III 106/1 773 0 $tGermania pontificia sive repertorium privilegiorum et litterarum a romanis pontificibus ante annum 1198 Germaniae ecclesiis Monasteriis Civitatibus Singulisque Personis Concessorum.$gVol.1$w()21039 850 $aSeMil 852 $aSeMil$W1$xVenegono$y1$m3A III 106/2$j241089$B129695$CSeMilBibl$Z2$F141228 $82 996 $6245$a1.2: Provincia Salisburgensis 2. et Episcopatus Tridentinus$9(OLS)http://semarc/title/256988